1733 1495 1084 1328 1360 1102 1074 1187 1611 1173 1939 1599 1738 1891 1614 1585 1092 1522 1793 1923 1914 1535 1279 1650 1215 1183 1893 1657 1278 1854 1678 1238 1519 1948 1610 1466 1896 1510 1722 1065 1984 1089 1030 1506 1294 1200 1798 1743 1198 1630 1560 1331 1095 1631 1001 1754 1946 1861 1590 1284 1725 1857 1924 1840 1289 1931 1564 1305 1103 1476 1633 1090 1073 1555 1316 1549 1324 1564 1005 1368 1872 1143 1560 1094 1385 1769 1802 1597 1810 1539 1992 1166 1493 1562 1132 1792 1229 1440 1385 BCNSPRNW ULIB Ver.6.0+V

เปลี่ยนเป็นภาษาไทย

Change to English
 แสดงรายละเอียดบรรณานุกรม
  กลับหน้าหลัก

Brief Record : Get Marc (ISO 2709) : E-mail record : QR code < ปิดหน้าต่าง
LEADER : 00000nam 2200000uu 4500
001    13399111981
003     ULIB
008    110627s2552||||th 000 0 tha d
020    9786110600965
090    นว.^bM111S 2552
100 0  Merlin
245 00 Sweet Gossip ซุบซิบ หัวใจนายน่าจุ๊บ/^cMerlin
250    พิมพ์ครั้งที่ 1
260    กรุงเทพฯ :^bแจ่มใส,^c2552
300    210 หน้า
710 1  แจ่มใส
945    ^p159^l0^i026758
995    ทศพร
999 ^a ใช้งานได้ทุกระบบ
รายการนี้ยังไม่มีแท็ก
คุณยังไม่ได้ล็อกอิน คุณสามารถมีกิจกรรมร่วมกับเว็บไซต์ได้ แต่ต้องล็อกอินก่อน ::
  ล็อกอิน

รายการสื่อสารสนเทศ

ลำดับที่ ประเภท เลขเรียก/บาร์โค้ด สถานที่ สถานะ
- ไม่พบข้อมูล -

BibComment


ยังไม่เคยถูกคอมเมนท์

คอมเมนท์ทรัพยากรรายการนี้
  คอมเมนท์: Sweet Gossip ซุบซ..


 Copyright 2026. Bcnsprnw @Library